000 00780cab a2200241 4500
001 ABS57007
008 090401t1997 xxu||||| |||| 00| 0 eng d
035 _a(Sirsi) u78725
041 _aeng
100 _aFrench, N.
245 4 _aThe valuation of upwards-only rent reviews: an option pricing model
260 _c1997
350 _a0
490 _aJournal of Property Valuation and Investment
_v15(2) 1997, 171-182(12)
520 _aDescribes the upwards-only rent review which is a characteristic feature of the institutional property lease in the UK.
650 _aINSTITUTIONAL PROPERTY
650 _aRENT REVIEWS
650 _aUPWARD ONLY RENT REVIEWS
690 _aLANDLORD AND TENANT-RENT REVIEWS
700 _aWard, C.
942 _n0
948 _c04/06/1997
999 _c49489
_d49489